| 000 | 00364cam a22001097a 4500 | ||
|---|---|---|---|
| 008 | 180718b xxu||||| |||| 00| 0 eng d | ||
| 082 | _aL2311x5461 | ||
| 245 |
_aSummary of the report on land speculation in urban Delhi _cBy National Building organisation |
||
| 260 |
_aNew Delhi _bNational Building organisation _c |
||
| 300 | _a18p | ||
| 650 | _aBuilding - Research - India | ||
| 999 |
_c410379 _d410379 |
||